Normal view
MARC view
Entry Personal Name
001 - CONTROL NUMBER
- control field: 17935
003 - CONTROL NUMBER IDENTIFIER
- control field: dpl
005 - DATE AND TIME OF LATEST TRANSACTION
- control field: 20100901143705.0
008 - FIXED-LENGTH DATA ELEMENTS
- fixed length control field: 100901|||a|||||| | ||| d
040 ## - CATALOGING SOURCE
- Original cataloging agency: dpl
- Transcribing agency: dpl
100 ## - HEADING--PERSONAL NAME
- Personal name: त्रिपाठी, आशीष
670 ## - SOURCE DATA FOUND
- Source citation: Work cat.: (dpl)36463: त्रिपाठी, आशीष, एक रंग ठहरा हुआ /, 2010
670 ## - SOURCE DATA FOUND
- Source citation: Work cat.: (dpl)36463: त्रिपाठी, आशीष, एक रंग ठहरा हुआ /, 2010
